LDR 00749nam a2200193 i 4500 001 000000059387 003 CaOOAMICUS 005 20241118143647.0 008 121204s1972 it u000 u ita u 040 $aSeMil$bita 245 13$a1: Relazioni. 264 1$aMilano :$bGiuffrè,$c1972. 300 $aXII, 536 p. ;$c25 cm 773 0 $tChiesa dopo il Concilio.$dMilano : Giuffrè, 1972.$kPubblicazioni della Facoltà di giurisprudenza dell'Università di Roma$g1$w()27758 850 $aSeMil 852 $aSeMil$W1$xVenegono$y1$m2J IV 182$j25540$B25540$CSeMilBibl$Z2$F25543 $81 996 $6245$a1: Relazioni$9(OLS)http://semarc/title/443684 996 $6264$aMilano :$bGiuffrè$9(OLS)http://semarc/publisher/29926